000 00419nam a2200157Ia 4500
008 160316s1965 xxu||||| |||| 00| 0 eng d
082 _a301.050000
_bSIE
100 _aSiegel Bernard J
245 _aBiennial review of anthropology 1965
250 _a
260 _aStanford
_bStanford University
_c1965
300 _a305p
_b20 cm
_c
365 _b$8.50
650 _a1. Anthropology - Language - Culture
700 _a
_a
999 _c3860
_d3860